Chiến tranh và hoà bình

Wedi'i Gadw mewn:
Manylion Llyfryddiaeth
Prif Awdur: Tônxtôi.L
Fformat: Llyfr
Tagiau: Ychwanegu Tag
Dim Tagiau, Byddwch y cyntaf i dagio'r cofnod hwn!
Thư viện lưu trữ: Mạng thư viện Đại học Đà Nẵng
LEADER 00501nam a2200205 4500
001 000005281
003 1425
005 20150812140859.0
008 110815s sd
020 |c 225000 
100 0 |a Tônxtôi.L 
245 0 0 |a Chiến tranh và hoà bình  |c Tônxtôi.L 
OWN |a LSP 
999 |a From the UDN01 
TYP |a Monograph 
TYP |a Printed language 
980 |a Mạng thư viện Đại học Đà Nẵng